00269nam a2200109Ia 450000500170000000800410001710000250005824500410008326000110012430000110013565000130014620260328104334.0260328s9999||||xx |||||||||||||| ||und|| aMinguet, Josep Maria 0aPrefab Design /cJosep Maria Minguet bMonsa  a255 p. aVIVIENDA